Le royaume / (Record no. 3862)

MARC details
000 -LEADER
fixed length control field 02699cam a2200373 i 4500
001 - CONTROL NUMBER
control field 3862
003 - CONTROL NUMBER IDENTIFIER
control field FISKH
005 - DATE AND TIME OF LATEST TRANSACTION
control field 20240520085637.0
008 - FIXED-LENGTH DATA ELEMENTS--GENERAL INFORMATION
fixed length control field 141211s2014 fr g 000 0afre d
010 ## - LIBRARY OF CONGRESS CONTROL NUMBER
LC control number 2014493075
020 ## - INTERNATIONAL STANDARD BOOK NUMBER
International Standard Book Number 9782818021187 (pbk.)
020 ## - INTERNATIONAL STANDARD BOOK NUMBER
International Standard Book Number 2818021189 (pbk.)
035 ## - SYSTEM CONTROL NUMBER
System control number (OCoLC)ocn889705394
040 ## - CATALOGING SOURCE
Original cataloging agency AUXAM
Language of cataloging eng
Transcribing agency AUXAM
Description conventions rda
Modifying agency ERASP
-- OKU
-- C3L
-- OCLCQ
-- UBY
-- OCLCO
-- UPM
-- DLC
042 ## - AUTHENTICATION CODE
Authentication code lccopycat
050 00 - LIBRARY OF CONGRESS CALL NUMBER
Classification number PQ2663.A7678
Item number Z46 2014
082 ## - DEWEY DECIMAL CLASSIFICATION NUMBER
Classification number 843.914
100 1# - MAIN ENTRY--PERSONAL NAME
Personal name Carrère, Emmanuel,
Dates associated with a name 1957-
Relator term author.
245 13 - TITLE STATEMENT
Title Le royaume /
Statement of responsibility, etc. Emmanuel Carrère.
264 #1 - PRODUCTION, PUBLICATION, DISTRIBUTION, MANUFACTURE, AND COPYRIGHT NOTICE
Place of production, publication, distribution, manufacture Paris :
Name of producer, publisher, distributor, manufacturer P.O.L,
Date of production, publication, distribution, manufacture, or copyright notice [2014]
300 ## - PHYSICAL DESCRIPTION
Extent 630 pages :
Dimensions 21 cm
336 ## - CONTENT TYPE
Content type term text
Source rdacontent
337 ## - MEDIA TYPE
Media type term unmediated
Source rdamedia
338 ## - CARRIER TYPE
Carrier type term volume
Source rdacarrier
520 ## - SUMMARY, ETC.
Summary, etc. "A sweeping fictional account of the early Christians, whose unlikely beliefs conquered the world. Gripped by the tale of a Messiah whose blood we drink and body we eat, the genre-defying author Emmanuel Carrère revisits the story of the early Church in his latest work. With an idiosyncratic and at times iconoclastic take on the charms and foibles of the Church fathers, Carrère ferries readers through his "doors" into the biblical narrative. Once inside, he follows the ragtag group of early Christians through the tumultuous days of the faith's founding. Shouldering biblical scholarship like a camcorder, Carrère re-creates the climate of the New Testament with the acumen of a seasoned storyteller, intertwining his own account of reckoning with the central tenets of the faith with the lives of the first Christians. Carrère puts himself in the shoes of Saint Paul and above all Saint Luke, charting Luke's encounter with the marginal Jewish sect that eventually became Christianity, and retracing his investigation of its founder, an obscure religious freak who died under notorious circumstances. Boldly blending scholarship with speculation, memoir with journalistic muckraking, Carrère sets out on a headlong chase through the latter part of the Bible, drawing out protagonists who believed they were caught up in the most important events of their time. An expansive and clever meditation on belief, The Kingdom chronicles the advent of a religion, and the ongoing quest to find a place within it."--
600 10 - SUBJECT ADDED ENTRY--PERSONAL NAME
Personal name Carrère, Emmanuel,
Dates associated with a name 1957-
650 #0 - SUBJECT ADDED ENTRY--TOPICAL TERM
Topical term or geographic name entry element Authors, French
Chronological subdivision 20th century
Form subdivision Biography
650 #0 - SUBJECT ADDED ENTRY--TOPICAL TERM
Topical term or geographic name entry element Authors, French
Chronological subdivision 21st century
Form subdivision Biography
650 #0 - SUBJECT ADDED ENTRY--TOPICAL TERM
Topical term or geographic name entry element Jewish Christians
General subdivision History.
650 #0 - SUBJECT ADDED ENTRY--TOPICAL TERM
Topical term or geographic name entry element Christian civilization
General subdivision History.
906 ## - LOCAL DATA ELEMENT F, LDF (RLIN)
a 7
b cbc
c copycat
d 3
e ncip
f 20
g y-gencatlg
942 ## - ADDED ENTRY ELEMENTS (KOHA)
Source of classification or shelving scheme Dewey Decimal Classification
Koha item type Books
Suppress in OPAC No
Holdings
Withdrawn status Lost status Source of classification or shelving scheme Damaged status Not for loan Collection Home library Current library Shelving location Date acquired Total Checkouts Full call number Barcode Date last seen Price effective from Koha item type
    Dewey Decimal Classification     Fiction Footprints International School Library Network Toul Kork Campus Footprints International School Library Network Toul Kork Campus TK Floor 4 Rear Hallway Shelf 1 (Adult/Secondary Foriegn Language/Khmer) 05/20/2024   CAR 843.914 PQ2663.A7678 2024-0642 05/20/2024 05/20/2024 Books